000 00676nam a2200289Ia 4500
005 20260324133200.0
008 008 260324s9999 xx 000 0 eng d
020 _a9781315227733
037 _aEBOOK
040 _aCRL
040 _beng
040 _cCRL
041 _2eng
041 _aeng
084 _qCRL
100 _aErika Barber
_91192105
245 0 _aLetters from a Friend
245 2 _bA Sibling's Guide to Coping and Grief
260 _bTaylor and Francis
260 _c2003
365 _a
365 _b230
856 _uhttp://www.taylorfrancis.com/books/9781315227733
942 _cEBOOK
999 _c1790931
_d1790931